| 000 | 01388nam a2200313 a 4500 | ||
|---|---|---|---|
| 001 | BRCA_5319 | ||
| 005 | 20190320205029.0 | ||
| 008 | 031210s1615----mx-######v---#000-0#spa-# | ||
| 041 | _aspa | ||
| 044 | _amx | ||
| 084 |
_aDOC148a _b.G84 _c1615 |
||
| 100 | 1 |
_aGuerrero, Francisco _913641 |
|
| 245 | 1 | 0 |
_aDocumento expedido en 1615 _cFrancisco Guerrero y Domingo Prieto. |
| 260 |
_aMéxico _c1615 |
||
| 300 |
_a[9] fojas _c31 x 22 cm |
||
| 500 | _aDocumento firmado el 6 de agosto de 1615 | ||
| 500 | _aTestimonio de escritura de transación de diez, y siete sitios de estancia y seis caballerias de tierra en la jurisdición de la Villa de los Valles, en Jumave, y en Palmillas, que se otorgo entre Francisco Guerrero y Domingo Prieto | ||
| 500 | _aPapel con marca de agua | ||
| 500 | _aAl margen tiene la leyenda: Numero 21. Año de 1615 | ||
| 500 | _aEl documento contiene varias firmas | ||
| 500 | _aEstado de conservación: contiene mancha de acido, márgenes maltratados | ||
| 506 | 0 | _aFondo Reservado. Para su consulta es necesario credencial de usuario y carta de motivos | |
| 546 | _aTexto en: español de principios del siglo XVII | ||
| 600 | 1 | 4 |
_aGuerrero, Francisco _913641 |
| 650 | 1 | 4 |
_aDocumentos legales _eEscritura de traspaso _vManuscrito _xHistoria _yColonia, 1521-1821 _zMéxico _913642 |
| 700 | 1 |
_aPrieto, Domingo _913643 |
|
| 902 | _aFDH | ||
| 942 |
_2lcc _cD |
||
| 999 |
_c5013 _d5013 |
||